000 00451nam a2200181Ia 4500
003 OSt
005 20140321093601.0
008 140130s9999 xx 000 0 und d
020 _a0439282349
050 _aLB 1575.8
_b.Su87 2002
100 _aSunley, Laura
245 _cLaura Sunley.
_aFun with Grammar /
260 _bScholastic,
_c2002.
_aNew York :
300 _a64 p. :
_bill. ;
_c26 cm.
440 _v1
942 _cBK
_2lcc
999 _c42035
_d42035